K přenosu logistických údajů mezi podniky.

Problémy vznikajúce pri elektronickom prenose údajov medzi podnikmi v rámci podnikových logistických informačných systémov. Informačné zabezpečenie prepravných reťazcov. Elektronický prenos údajov. Prenosové siete. Spôsoby komunikácie medzi počítačmi za predpokladu hardwarovej a softwarovej kompatib...

Description complète

Enregistré dans:
Détails bibliographiques
Auteur principal: Kubát, J.
Format: Chapitre de livre
Langue:tchèque
Sujets:
Tags: Ajouter un tag
Pas de tags, Soyez le premier à ajouter un tag!

MARC

LEADER 00000naa a2200000 4500
001 r002647
005 20220819180843.8
041 0 |a cze 
044 |a [CS] 
245 1 0 |a K přenosu logistických údajů mezi podniky.  |c J. Kubát 
520 |a Problémy vznikajúce pri elektronickom prenose údajov medzi podnikmi v rámci podnikových logistických informačných systémov. Informačné zabezpečenie prepravných reťazcov. Elektronický prenos údajov. Prenosové siete. Spôsoby komunikácie medzi počítačmi za predpokladu hardwarovej a softwarovej kompatibility. Norma OSI (spojenie otvorených systémov). Norma EDIFACT (elektronický prenos údajov pre správu, obchod a dopravu). Príklady komunikačných systémov pre logistiku. 
610 2 0 |a prenos dát 
610 2 0 |a logistika 
610 2 0 |a systémy informačné podnikové 
610 2 0 |a hardvér 
610 2 0 |a softvér 
610 2 0 |a UN/EDIFACT 
610 2 0 |a OSI 
610 2 0 |a kompatibilita počítačov 
610 2 0 |a komunikácia 
610 2 0 |a normy 
610 2 0 |a zabezpečenie informačné 
100 1 |a Kubát, J.